书目信息 |
| 题名: |
科学认识论与方法论
|
|
| 作者: | 刘元亮 编著 | |
| 分册: | ||
| 出版信息: | 北京 清华大学出版社 1987.1 |
|
| 页数: | 480页 | |
| 开本: | 20cm | |
| 丛书名: | ||
| 单 册: | ||
| 中图分类: | N03 | |
| 科图分类: | ||
| 主题词: | 自然科学--科学方法论 | |
| 电子资源: | ||
| ISBN: | ||
| 000 | 00580nam0 2200205 45 | |
| 001 | 0312221749 | |
| 005 | 20040514095545.3 | |
| 010 | @dCNY3.15 | |
| 091 | @a2235.37 | |
| 100 | @a20031222d1987 km y0chiy0120 ea | |
| 101 | @achi | |
| 105 | @a z 000yy | |
| 200 | 1 | @a科学认识论与方法论@AKe Xue Ren Shi Lun Yu Fang Fa Lun@f刘元亮等编著@FLiu Yuan Liang Deng Bian Zhu |
| 210 | @a北京@c清华大学出版社@d1987.1 | |
| 215 | @a480页@d20cm | |
| 606 | 0 | @a自然科学@x科学方法论 |
| 690 | @aN03@v3 | |
| 701 | 0 | @a刘元亮@4编著 |
| 801 | @aCN@bTSTCL@c20031222 | |
| 905 | @dN03@e69@f2@b217637-638 | |
| 科学认识论与方法论/刘元亮等编著.-北京:清华大学出版社,1987.1 |
| 480页;20cm |
| ISBN :CNY3.15 |
| ● |
| 相关链接 |
|
|
|
|
正题名:科学认识论与方法论
索取号:N03/69
 
预约/预借
| 序号 | 登录号 | 条形码 | 馆藏地/架位号 | 状态 | 备注 |
| 1 | 0217637 | 000564035 | 第三借阅区/ [索取号:N03/69] | 在馆 | |
| 2 | 0217638 | 000564044 | 第三借阅区/ [索取号:N03/69] | 在馆 | |
| 3 | 0217639 | 000564026 | 第二样本阅览室/ [索取号:N03/69] | 在馆 |